000 00687nam a2200241Ia 4500
003 OSt
005 20221006165750.0
006 a|||||r|||| 00| 0
007 ta
008 221006b |||||||| |||| 00| 0 hin d
024 _a4,345
037 _cTextual
040 _aFML
_cFML
_bhin
041 _2hin
_ahin
082 _aNR44xK16,1, 15J6 -; 2
100 _aDas Ghanshyam Au.
_9680435
245 0 _aSangeet Sar Sangrah
260 _aKolkata
_bRama Krishna Vedant Math India
_c1956
300 _a136
_ccm.
700 _a Pragyanand Ed.
_9680436
942 _hNR44xK16,1, 15J6 -; 2
_cTEXL
_2CC
999 _c1121962
_d1121962